000 00937nac a22002777a 4500
001 BR9901313
003 BR-BrBNA
005 20240105122200.0
008 230509b bl.|||m| |||| 00| 0 por d
040 _aBR-BrBNA
_bpor
_cBiblioteca Nacional de Agricultura
072 _aE71
090 _aE71 BR9901313
100 1 _aGutierrez, M.B.S.
110 1 _aInstituto de Pesquisa Economica Aplicada, Rio de Janeiro, RJ (Brasil)
_96126
245 1 _aDesenvolvimento sustentavel no MERCOSUL: a proposta de um marco regulatorio
260 3 _aRio de Janeiro, RJ (Brasil):
_c1998.
300 _a15 p.
490 _aTexto para Discussao - Instituto de Pesquisa Economica Aplicada (Brazil)
_vno. 580
_xISSN 1415-4765
500 _a15 ref.
650 _aComercio Exterior
650 _aPolitica Governamental
650 _aMeio Ambiente
650 _aMERCOSUL
909 _a202312
_bLúcia Elande
_c55
_dLúcia Elande
942 _2AGRIS
_n0
_cMS
999 _c289665
_d289665